000 00428nam a2200169 a 4500
005 20140310183257.0
008 970101s19uu xx 00 eng d
020 _a0140620540
050 _aPZ 7
_b.Au933 1994
100 _aAusten, Jane
245 _aPersuasion /
_cJane Austen.
260 _aLondon :
_bPenguin Books, Ltd,
_c1994.
300 _a254 p. :
_c18 cm.
650 _aclassics
942 _cBK
_2lcc
999 _c20881
_d20881